Yüklüyor......

Prisoner 5990

Detaylı Bibliyografya
Yazar: R.Balakrishnapilla
Baskı/Yayın Bilgisi: DCBooks
LEADER 00182 a2200097 4500
020
260 |b DCBooks 
942 |c BK  |6 _ 
245 |a Prisoner 5990 
100 |a R.Balakrishnapilla  
999 |c 63728  |d 63728